000 00618nam a2200241Ia 4500
003 OSt
005 20220928102731.0
006 a|||||r|||| 00| 0
007 ta
008 220927b |||||||| |||| 00| 0 hin d
024 _a112356
037 _cTextual
040 _aSDCL
_cSDCL
_bhin
041 _2hin
_ahin
082 _aP15,C:3x4.1x, L5
100 _aBhartrhari
_9400092
245 0 _aVakyapadiyam
250 _a3
260 _aVaranansi
_bChaukhamba Sanskrit Sansthan
_c1975
300 _a176p.
_ccm.
942 _hP15,C:3x4.1x, L5
_cTEXL
_2CC
999 _c715998
_d715998